01337nam a22002777a 4500999001500000003000900015008004100024040007100065082001900136100002500155245009000180260003600270300003200306440007200338505023300410650002100643650002700664650002000691700003900711700003600750700003900786942001600825945000900841952009900850952011000949 c1110d1110AR-CdUCM190226b ||||| |||| 00| 0 spa d aMUNICIPALIDAD PROVINCIAL DEL CUSCOcBIBLIOTECA MUNICIPAL DEL CUSCO a323.44 /bSA24 aSandifer, Durward V. aFundamentos de la libertad :brelaciones entre la Democracia y los derechos humanos / aMéxico D. F. :bUTEHA,c1967. a165, 11 páginas ;c17 cm. aManuales UTEHA.nnúmero 346nsección 14 Ciencias Sociales94343 aContenido: Una experiencia universal -- Conceptos fundamentales -- Definición de la democracia representativa y de los derechos humanos -- La relación entre democracia y derechos humanos -- La relación entre democracia ... aDemocracia92598 aDerechos humanos93264 aPolítica9291 aScheman, L. Ronald (coautor)94344 aMora, Jose A. (prólogo)94345 aOrtuño, Manuel (traductor)94346 2ddccLIBROS aachl 002ddc4070aSHbSHcCARTd2019-02-26g20.00o323.44 / SA24pSH0000001078r2019-02-26yLIBROS 002ddc4070aSHbSHcCARTd2019-03-20g20.00o323.44 / SA24 / e.2pSH0000007107r2019-03-20te.2yLIBROS